[Event "Bergen Spillfestival Hovedturnering 2023"]
[Site "Bergen Internasjonale Kulturse"]
[Date "2023.08.03"]
[Round "7"]
[White "Karaliute, Urte"]
[Black "GrÃ¸nn, TorbjÃ¸rn Vevle"]
[Result "1/2-1/2"]
[WhiteElo "1239"]
[BlackElo "1485"]
[PlyCount "40"]
[EventDate "2023.??.??"]

{[%evp 0,40,20,14,28,20,20,13,14,-17,21,25,48,44,49,38,38,44,51,43,67,41,40,40,
51,40,39,24,22,19,30,22,20,11,20,5,1,0,18,-2,2,-2,18]} 1. d4 Nf6 2. Nf3 e6 3.
c4 d5 4. Bg5 Be7 5. Nc3 c6 6. e3 Nbd7 7. cxd5 exd5 8. Bd3 O-O 9. O-O Re8 10.
Qc2 h6 11. Bh4 Nf8 12. Ne5 Ng4 13. Bg3 Nxe5 14. Bxe5 Bd6 15. Bxd6 Qxd6 16. Ne2
Qf6 17. Ng3 Bd7 18. Rac1 Ng6 19. a4 Nh4 20. Qe2 Ng6 1/2-1/2

[Event "Bergen Spillfestival Hovedturnering 2023"]
[Site "Bergen Internasjonale Kulturse"]
[Date "2023.08.03"]
[Round "7"]
[White "Tufteland, Vegard"]
[Black "Torskangerpoll, Peder"]
[Result "1-0"]
[WhiteElo "1341"]
[BlackElo "1076"]
[PlyCount "37"]
[EventDate "2023.??.??"]

{[%evp 0,37,20,-10,-5,-5,18,3,0,-3,-3,-28,-51,-33,5,-10,-7,7,14,-2,12,2,278,
310,752,759,775,783,834,826,1653,1673,1701,1701,1774,1896,29997,29998,29999,
-30000]} 1. c4 e5 2. Nc3 b6 3. d4 exd4 4. Qxd4 Nc6 5. Qd1 Bb7 6. Nf3 Bc5 7. Bf4
Nf6 8. e3 O-O 9. Bd3 d5 10. cxd5 Nxd5 11. Nxd5 Qxd5 12. Bxh7+ Kxh7 13. Qxd5 g6
14. Qg5 Be7 15. Qh6+ Kg8 16. Ng5 Bxg5 17. Bxg5 Nd8 18. Bf6 Ne6 19. Qh8# 1-0

[Event "Bergen Spillfestival Hovedturnering 2023"]
[Site "Bergen Internasjonale Kulturse"]
[Date "2023.08.03"]
[Round "7"]
[White "Hansen, Ovin-Andreas"]
[Black "TrÃ¦en, Ã~yvind BjÃ¸rnevoll"]
[Result "1/2-1/2"]
[WhiteElo "1200"]
[BlackElo "1299"]
[PlyCount "48"]
[EventDate "2023.??.??"]

{[%evp 0,38,20,20,73,75,60,58,63,41,29,6,0,-26,-38,-32,-1,2,14,-14,-7,-70,-9,
-4,4,-13,5,-66,160,103,109,109,209,197,301,136,205,205,260,219,267]} 1. Nf3 f5
2. d4 Nf6 3. Bg5 e6 4. Nbd2 Be7 5. c4 O-O 6. Bxf6 Bxf6 7. e4 fxe4 8. Nxe4 b6 9.
Bd3 Bb7 10. Nc3 Nc6 11. Be4 Na5 12. Bxb7 Nxb7 13. d5 exd5 14. Qxd5+ Kh8 15.
Qxb7 Re8+ 16. Kd1 c6 17. Qa6 d5 18. cxd5 Bxc3 19. bxc3 Qxd5+ 20. Kc2 Rad8 21.
Rad1 Re2+ 22. Qxe2 Qxa2+ 23. Kc1 Qa1+ 24. Kc2 Qa2+ 1/2-1/2